UM Logo

Programming logic and design : (Record no. 11673)

MARC details
000 -LEADER
fixed length control field 00638nam a22001937a 4500
008 - FIXED-LENGTH DATA ELEMENTS--GENERAL INFORMATION
fixed length control field 181218b ||||| |||| 00| 0 eng d
020 ## - INTERNATIONAL STANDARD BOOK NUMBER
International Standard Book Number 978-1-337-10207-0
082 ## - DEWEY DECIMAL CLASSIFICATION NUMBER
Edition number 2018
Classification number DC 005.1
Item number F245
100 ## - MAIN ENTRY--PERSONAL NAME
Personal name Farrel, Joyce
9 (RLIN) 10376
245 ## - TITLE STATEMENT
Title Programming logic and design :
Remainder of title comprehensive /
Statement of responsibility, etc. Joyce Farrel
250 ## - EDITION STATEMENT
Edition statement Ninth Edition
260 ## - PUBLICATION, DISTRIBUTION, ETC. (IMPRINT)
Place of publication, distribution, etc. Australia :
Name of publisher, distributor, etc. Cengage Learning,
Date of publication, distribution, etc. ©2018.
300 ## - PHYSICAL DESCRIPTION
Extent xxiii, 584 pages ;
Other physical details color illustrations :
Dimensions 23 cm.
500 ## - GENERAL NOTE
General note Includes appendix, glossary, and index.
650 ## - SUBJECT ADDED ENTRY--TOPICAL TERM
Topical term or geographic name as entry element Logic programming.
9 (RLIN) 3128
650 ## - SUBJECT ADDED ENTRY--TOPICAL TERM
Topical term or geographic name as entry element Logic design.
9 (RLIN) 33381
365 ## - TRADE PRICE
Price amount 9,995.00
Currency code Php.
942 ## - ADDED ENTRY ELEMENTS (KOHA)
Source of classification or shelving scheme Dewey Decimal Classification
Koha item type Circulation
Holdings
Withdrawn status Lost status Source of classification or shelving scheme Damaged status Not for loan Collection code Home library Current library Date acquired Source of acquisition Cost, normal purchase price Total Checkouts Full call number Barcode Date last seen Copy number Price effective from Koha item type
    Dewey Decimal Classification     Circulation UM Digos College - LIC UM Digos College - LIC 08/08/2018 Purchased 9995.00   DC 005.1 F245 2018 25350 05/15/2025 1 12/18/2018 Circulation